00212nam a2200085Ia 4500001000800000005001700008008004100025245003900066260002100105120596120251009143613.0250824s9999 xx 000 0 und d 0aGİZLİ BUZLANMA cA.ALİ URAL bŞULE YAYINLARI